Book to Author - Statistics

General Stats
  • This quiz has been taken 10 times
  • The average score is 7 of 15
Answer Stats
Hint Answer % Correct
Death in Venice Mann
89%
Ivanhoe Scott
78%
Uncle Vanya Chekhov
67%
Tartuffe Moliere
67%
Fall of the House of Usher Poe
67%
Turn of the Screw James
56%
The Diamond as Big as the Ritz Fitzgerald
44%
House of the Seven Gables Hawthorne
44%
Bartleby the Scrivener Melville
44%
No Exit Sartre
44%
The Dumb Waiter Pinter
33%
Gargantua and Pantagruel Rabalais
22%
Young Goodman Brown Baldwin
11%
Crome Yellow Huxley
11%
Exit the King Ionesco
11%
No matching quizzes found
Score Distribution
Percent of People with Each Score
Percentile by Number Answered
Your Score History
You have not taken this quiz